Bye Bye Baby (TV) - Taylor Swift (All Lyrics) - Statistics

General Stats
  • This quiz has been taken 121 times
    114 since last reset
  • The average score is 299 of 343
Answer Stats
Lyrics % Correct
baby
100%
Bye,
100%
bye
100%
bye,
100%
a
96%
but
96%
I,
96%
I
96%
is
96%
It
96%
it
96%
my
96%
on
96%
On
96%
to
96%
and
94%
And
94%
everything
94%
it's
94%
not
94%
was
94%
you
94%
you,
94%
all
92%
come
92%
down
92%
just
92%
like
92%
me
92%
nothing
92%
side
92%
so
92%
thought
92%
your
92%
everything
91%
Everything
91%
The
91%
the
91%
want
91%
want,
91%
could
89%
couldn't
89%
have
89%
keep
89%
movie
87%
sympathy
87%
This
87%
this
87%
'Cause
85%
home
85%
home,
85%
wasn't
85%
I'll
83%
love
83%
of
83%
time
83%
took
83%
didn't
81%
I'm
81%
were
81%
can't
79%
in
79%
last
79%
through
77%
You're
77%
back
75%
Oh,
75%
rain
75%
say
75%
soak
75%
still
75%
that
75%
clothes,
74%
enough
72%
gonna
72%
skin
72%
way
72%
bad,
70%
never
70%
now
70%
Then
70%
again
68%
always
68%
see
68%
here
64%
scared
64%
we'd
64%
how
62%
drive
60%
guess
60%
Guess
60%
hands
60%
at
58%
Feels
58%
part
58%
drivin'
57%
ends
57%
Lost
57%
much
57%
there's
57%
are
55%
dash
55%
gray
55%
past
55%
picture
55%
slipping
55%
sure
55%
try
55%
vacant
55%
away
53%
empty
53%
fray
53%
becoming
51%
frame
51%
dresser,
49%
grab
47%
writing
47%
hesitation
45%
doubted
43%
pages
43%
floods
36%
touch
36%
No matching quizzes found
Score Distribution
Percent of People with Each Score
Percentile by Number Answered
Your Score History
You have not taken this quiz since the last reset